000 00297nam a22001337a 4500
008 210507b ||||| |||| 00| 0 eng d
041 _aeng
080 _a82
082 _a82
100 _a21
101 _aGJL
245 _aThe Decline and Fall of the Roman Empire
_cBury,J.B
942 _2udc
_cBK
999 _c57089
_d57089